Central Library OPAC University of Rajshahi

The great derangement : (Record no. 86195)

MARC details
000 -LEADER
fixed length control field 00782nam a2200265 a 4500
001 - CONTROL NUMBER
control field 86195
003 - CONTROL NUMBER IDENTIFIER
rucl marc code BD-RjUL
005 - DATE AND TIME OF LATEST TRANSACTION
control field 20260223122207.0
008 - FIXED-LENGTH DATA ELEMENTS--GENERAL INFORMATION
fixed length control field 260223s2016 ilu b 000 0 eng c
020 ## - INTERNATIONAL STANDARD BOOK NUMBER
International Standard Book Number 9780143429067
035 ## - SYSTEM CONTROL NUMBER
System control number (BD-RjUL)86195
040 ## - CATALOGING SOURCE
Original cataloging agency ICU/DLC
Language of cataloging eng
Transcribing agency ICU
Description conventions rda
-- BD-RjUL
Modifying agency DLC
041 ## - LANGUAGE CODE
Language code of text/sound track or separate title eng
042 ## - AUTHENTICATION CODE
Authentication code pcc
082 00 - DEWEY DECIMAL CLASSIFICATION NUMBER
Edition number 23
Classification number 809.9336
Author mark and year GHG 2016
100 1# - MAIN ENTRY--PERSONAL NAME
Personal name Ghosh, Amitav,
Dates associated with a name 1956-
Relator term author.
9 (RLIN) 17766
245 14 - TITLE STATEMENT
Title The great derangement :
Remainder of title climate change and the unthinkable /
Statement of responsibility, etc. Amitav Ghosh.
264 #1 - PRODUCTION, PUBLICATION, DISTRIBUTION, MANUFACTURE, AND COPYRIGHT NOTICE
Place of production, publication, distribution, manufacture Haryana
Name of producer, publisher, distributor, manufacturer Penguin Books,
Date of production, publication, distribution, manufacture, or copyright notice 2016.
300 ## - PHYSICAL DESCRIPTION
Pagination 275 pages ;
Size 20 cm.
336 ## - CONTENT TYPE
Content type term text
Source rdacontent
337 ## - MEDIA TYPE
Media type term unmediated
Source rdamedia
338 ## - CARRIER TYPE
Carrier type term volume
Source rdacarrier
650 #0 - SUBJECT ADDED ENTRY--TOPICAL TERM
Topical term or geographic name as entry element Climatic changes in literature.
9 (RLIN) 17767
942 ## - ADDED ENTRY ELEMENTS (KOHA)
Source of classification or shelving scheme Dewey Decimal Classification
Koha item type Books
Holdings
Lost status Source of classification or shelving scheme Damaged status Not for loan Collection code Permanent Location Current Location Shelving location Date acquired Source of acquisition Cost, normal purchase price Total Checkouts Full call number Date last seen Copy number Koha item type
  Dewey Decimal Classification   Not For Loan Fiction Central Library, University of Rajshahi Central Library, University of Rajshahi Reading Room 22/02/2026 Book Finder, Dhaka 537.00   809.9336 GHG 2016 23/02/2026 C-1 Books
  Dewey Decimal Classification     Fiction Central Library, University of Rajshahi Central Library, University of Rajshahi General Stacks 22/02/2026 Book Finder, Dhaka 537.00   809.9336 GHG 2016 23/02/2026 C-2 Books